000
00245nmm a2200085Ia 4500
008
220120s9999||||xx |||||||||||||||||und||
100
_a
CHIP magazine
245
0
_a
March 2011 : office apps pack, red hat, full games, games de
260
_a
Infomedia18
999
_c
139657
_d
139657